000 01308cam a2200229 4500
001 ABS67288
008 031124n2003 000 0 eng u
035 _a(Sirsi) u124434
245 _aMartin and Others v Hewitt (VO)
_h[electronic resource]
260 _c2003
490 _aRating Appeals
_v[2003] RA 275-287(7)
520 _aRA/3-7/2001, 31 July 2003. Appeal by ratepayers (M) and others against the Valuation Tribunal's decision that three boathouses had been correctly entered in the rateable list as non domestic property. M sought deletion of the entries from the list on the grounds that each boathouse was domestic property as defined in the Local Government Finance Act 1988 s66. The LT upheld the Valuation Tribunal decision on the basis that each boathouse was not an appurtenance to a dwelling as it was situated outside the curtilage and it was not used for the storage of domestic property as a boat was not such property.
590 _aABS
650 _aMARTIN AND OTHERS V HEWITT (VO)
650 _aRATING ASSESSMENT
650 _aNON DOMESTIC RATING
650 _aBOAT HOUSE
650 _aDOMESTIC USE
690 _aRATING AND LOCAL TAXATION-CASE LAW
856 _uhttps://www3.eurolii.org/ew/cases/EWLands/2003/RA_3_2001.html
_zView decision at www3.eurolii.org
942 _n0
999 _c73832
_d73832